Countries by Nickname # 1 - Statistics

General Stats
  • This quiz has been taken 32 times
  • The average score is 9 of 18
Answer Stats
Hint Answer % Correct
The Land of the Rising Sun Japan
97%
The Teardrop of India Sri Lanka
87%
The Land of Fire And Ice Iceland
83%
The Land of Opportunity United States
77%
The Graveyard of Empires Afghanistan
70%
The Land of A Thousand Lakes Finland
63%
The Hermit Kingdom North Korea
60%
The Bread Basket of Europe Ukraine
60%
The Land Between Two Rivers Iraq
40%
The Land of The Long White Cloud New Zealand
40%
The Land of Hope and Glory United Kingdom
40%
The Land of Golden Pagodas Myanmar
37%
The Land of Noah Armenia
33%
The Playground of Europe Switzerland
30%
The Land of Eagles Albania
17%
The Sugar Bowl of the World Cuba
13%
The Land of the Morning Calm South Korea
13%
The Land of Many Waters Guyana
10%
No matching quizzes found
Score Distribution
Percent of People with Each Score
Percentile by Number Answered
Your Score History
You have not taken this quiz